Rozpoznaj polskie miasta po zdjęciach - Statystyki

Ogólne statystyki
  • Ten quiz został rozwiązany 517 razy
  • Średni wynik to 10 z 15
Statystyki odpowiedzi
Obrazkowy Odpowiedź % Poprawnych
Kraków
99%
Warszawa
99%
Gdańsk
97%
Toruń
94%
Wrocław
91%
Poznań
90%
Katowice
89%
Zakopane
85%
Wieliczka
66%
Lublin
62%
Szczecin
56%
Kielce
38%
Opole
34%
Gliwice
18%
Nysa
10%
Nie znaleziono quizów pasujących do podanych kryteriów
Rozkład punktacji
Procent ludzi z każdym wynikiem
Percentyl według liczby udzielonych odpowiedzi
Twoja historia wyników
Nie rozwiązałeś tego quizu